How to beat low-limit poker (Record no. 207595)

MARC details
000 -LEADER
fixed length control field 00723nam a2200253Ia 4500
008 - FIXED-LENGTH DATA ELEMENTS--GENERAL INFORMATION
fixed length control field 191130s2008##################000#0#eng##
020 ## - INTERNATIONAL STANDARD BOOK NUMBER
ISBN 9781580422116
082 ## - DEWEY DECIMAL CLASSIFICATION NUMBER
Classification number 795 SMI
100 ## - MAIN ENTRY--AUTHOR NAME
Personal name Smith, Shane
245 ## - TITLE STATEMENT
Title How to beat low-limit poker
Statement of responsibility, etc Shane Smith & Tom McEvoy
250 ## - EDITION STATEMENT
Edition statement 1st ed
260 ## - PUBLICATION, DISTRIBUTION, ETC. (IMPRINT)
Place of publication Cambridge
Name of publisher Cardoz Pub
Year of publication 2008
300 ## - PHYSICAL DESCRIPTION
Number of Pages 184 p. : ill. ; 22 cm
500 ## - GENERAL NOTE
General note Includes bibliographical references. Includes bibliographical references
650 ## - SUBJECT ADDED ENTRY--TOPICAL TERM
Topical Term Gambling systems
Topical Term Poker
Topical Term Poker - Tournaments
700 ## - ADDED ENTRY--PERSONAL NAME
Personal name McEvoy, Tom
991 ## -
-- 326504
Holdings
Withdrawn status Lost status Damaged status Not for loan Home library Current library Shelving location Date acquired Full call number Accession Number Price effective from Koha item type
        Anna Centenary Library Anna Centenary Library 6TH FLOOR, B WING 13.10.2020 795 SMI 474416 13.10.2020 English Books

Find us on the map